Design and construction of foundations (Record no. 39658)

MARC details
000 -LEADER
fixed length control field 00501nam a2200133 a 4500
008 - FIXED-LENGTH DATA ELEMENTS--GENERAL INFORMATION
fixed length control field 120416s1972 ||||||||||||||||| || u
050 ## - LIBRARY OF CONGRESS CALL NUMBER
Classification number TA 775 Man
100 ## - MAIN ENTRY--PERSONAL NAME
Personal name Manning, George Philip
245 10 - TITLE STATEMENT
Title Design and construction of foundations
260 ## - PUBLICATION, DISTRIBUTION, ETC.
Place of publication, distribution, etc. (London)
Name of publisher, distributor, etc. Cement and Concrete Association
Date of publication, distribution, etc. (1972)
300 ## - PHYSICAL DESCRIPTION
Extent Vi, 305p. : ill.
350 ## - PRICE (NR) (BK AM CF MU VM SE) [OBSOLETE]
Price 0.00
995 ## - RECOMMENDATION 995 [LOCAL, UNIMARC FRANCE]
-- 0.00
-- CBU-MAIN LIBRARY (Kitwe)
-- 1
-- 0.00
-- 1
-- DAMAGED
-- Main Library Open Access Collection
Holdings
Withdrawn status Lost status Source of classification or shelving scheme Damaged status Not for loan Home library Current library Shelving location Date acquired Total Checkouts Full call number Barcode Date last seen Price effective from Koha item type
          CBU-MAIN LIBRARY, KITWE. CBU-MAIN LIBRARY, KITWE.   11/30/2022   TA 775 Man 013968 11/30/2022 11/30/2022 MONOGRAPH